Matrix methods in analysis
Saved in:
| Main Author: | |
|---|---|
| Other Authors: | |
| Format: | Book |
| Language: | English |
| Published: |
Berlin :
Springer-Verlag,
1985
|
| Series: | Lecture notes in mathematics (Springer-Verlag)
; 1113 |
| Subjects: | |
| Tags: |
Add Tag
No Tags, Be the first to tag this record!
|
MARC
| LEADER | 00000nam a2200000 i 4500 | ||
|---|---|---|---|
| 001 | 1/62422 | ||
| 008 | 941103s1985 eng d | ||
| 020 | |a 3-540-15185-0 | ||
| 035 | |a 1993 |l 10046611 | ||
| 040 | |a GR-MY-UA |b gre |e aacr | ||
| 041 | 0 | |a eng | |
| 082 | 0 | |a 515 | |
| 100 | 1 | |a Antosik, Piotr. | |
| 245 | 1 | 0 | |a Matrix methods in analysis / |c Piotr Antosik, Charles Swartz |
| 260 | |a Berlin : |b Springer-Verlag, |c 1985 | ||
| 300 | |a iv, 114 p.; |c 25 cm. | ||
| 490 | 1 | |a Lecture notes in mathematics (Springer-Verlag) |v ; 1113 | |
| 500 | |a Includes bibliographical references and index | ||
| 650 | 0 | 0 | |a Mathematical analysis. |
| 650 | 0 | 0 | |a Functional analysis. |
| 650 | 0 | 0 | |a Matrices. |
| 700 | 1 | |a Swartz, Charles |d 1938- | |
| 830 | 0 | |a Lecture notes in mathematics (Springer-Verlag) |v ; 1113 | |
| 852 | |a INST |b SAMOS |e 19941103 |h 515 ANT |p 005300006973 |q 005300006973 |t BK |y 0 | ||
| 909 | |a Σ |b 028977 | ||